Моделирование систем: учебное пособие
| Hlavní autor: | |
|---|---|
| Korporativní autor: | |
| Shrnutí: | Заглавие с титульного экрана Электронная версия печатной публикации В учебном пособии кратко изложены основы теории моделирования систем, приведены различные виды классификации моделирования и моделей, рассмотрены математическая основа моделирования процессов и систем, методологии структурного анализа и методы и средства имитационного моделирования систем. Предназначено для студентов, обучающихся по техническим и экономическим специальностям, а также для IТ-специалистов Текстовый файл AM_TPU_network |
| Jazyk: | ruština |
| Vydáno: |
Томск, Изд-во ТПУ, 2009
|
| Témata: | |
| On-line přístup: | http://www.lib.tpu.ru/fulltext2/m/2011/m30.pdf |
| Médium: | Elektronický zdroj Kniha |
| KOHA link: | https://koha.lib.tpu.ru/cgi-bin/koha/opac-detail.pl?biblionumber=191714 |
MARC
| LEADER | 00000nam0a2200000 4500 | ||
|---|---|---|---|
| 001 | 191714 | ||
| 005 | 20260320131544.0 | ||
| 035 | |a (RuTPU)RU\TPU\book\209069 | ||
| 090 | |a 191714 | ||
| 100 | |a 20110210d2009 m y0rusy50 ca | ||
| 101 | 0 | |a rus | |
| 102 | |a RU | ||
| 105 | |a a j 001zy | ||
| 135 | |a drcn ---uucaa | ||
| 181 | 0 | |a i | |
| 182 | 0 | |a b | |
| 200 | 1 | |a Моделирование систем |e учебное пособие |f О. М. Замятина |g Томский политехнический университет (ТПУ) | |
| 203 | |a Текст |c электронный | ||
| 210 | |a Томск |c Изд-во ТПУ |d 2009 | ||
| 300 | |a Заглавие с титульного экрана | ||
| 300 | |a Электронная версия печатной публикации | ||
| 330 | |a В учебном пособии кратко изложены основы теории моделирования систем, приведены различные виды классификации моделирования и моделей, рассмотрены математическая основа моделирования процессов и систем, методологии структурного анализа и методы и средства имитационного моделирования систем. Предназначено для студентов, обучающихся по техническим и экономическим специальностям, а также для IТ-специалистов | ||
| 336 | |a Текстовый файл | ||
| 371 | 0 | |a AM_TPU_network | |
| 452 | 1 | |0 (RuTPU)RU\TPU\book\201629 |y 978-5-98298-579-8 |t Моделирование систем |o учебное пособие |f О. М. Замятина |g Томский политехнический университет (ТПУ) |c Томск |n Изд-во ТПУ |d 2009 |p 186 с. |a Замятина, Оксана Михайловна | |
| 606 | 1 | |a Моделирование систем |2 stltpush |3 (RuTPU)RU\TPU\subj\66511 |9 82611 | |
| 610 | 1 | |a системы | |
| 610 | 1 | |a процессы | |
| 610 | 1 | |a SADT-методология | |
| 610 | 1 | |a методология | |
| 610 | 1 | |a потоки данных | |
| 610 | 1 | |a имитационное моделирование | |
| 610 | 1 | |a Arena 7.0 | |
| 610 | 1 | |a программные пакеты | |
| 610 | 1 | |a учебные пособия | |
| 610 | 1 | |a труды учёных ТПУ | |
| 610 | 1 | |a прикладная информатика | |
| 610 | 1 | |a программное обеспечение | |
| 610 | 1 | |a электронный ресурс | |
| 675 | |a 519.876(075.8) |v 3 | ||
| 700 | 1 | |a Замятина |b О. М. |c специалист в области информатики и вычислительной техники |c доцент Томского политехнического университета, кандидат технических наук |f 1978- |g Оксана Михайловна |3 (RuTPU)RU\TPU\pers\25543 |9 11473 | |
| 712 | 0 | 2 | |a Томский политехнический университет (ТПУ) |c (1991-2009) |3 (RuTPU)RU\TPU\col\376 |
| 801 | 1 | |a RU |b 63413507 |c 20110210 | |
| 801 | 2 | |a RU |b 63413507 |c 20130531 |g RCR | |
| 856 | 4 | 0 | |u http://www.lib.tpu.ru/fulltext2/m/2011/m30.pdf |z http://www.lib.tpu.ru/fulltext2/m/2011/m30.pdf |
| 942 | |c CF | ||